Paper Mario Sticker Star Thing Sticker Category - Statistics

General Stats
  • This quiz has been taken 2 times
  • The average score is 31 of 64
Answer Stats
Hint Answer % Correct
High Heel Crush
100%
Scissors Cut
100%
Watch Battery Electric
100%
Magnifying Glass Fire
100%
Flashlight Light
100%
Searchlight Light
100%
Turkey Miscellaneous
100%
Bed Sleep
100%
Vacuum Suction
100%
Billiard Ball Ball
50%
Curling Stone Ball
50%
Bowling Ball Ball
50%
Newspaper Bat
50%
Toy Bat Bat
50%
Bat Bat
50%
Square Can Crush
50%
Basin Crush
50%
Sewing Scissors Cut
50%
Hair Shears Cut
50%
Tailor Shears Cut
50%
D-Cell Battery Electric
50%
Car Battery Electric
50%
Balloon Explosion
50%
Matches Fire
50%
Lighter Fire
50%
Radiator Heat
50%
Hair Dryer Heat
50%
Oven Heat
50%
Shaved Ice Ice
50%
Refrigerator Ice
50%
Lightbulb Light
50%
Fishhook Miscellaneous
50%
Goat Miscellaneous
50%
Cake Miscellaneous
50%
Trumpet Noise
50%
Violin Noise
50%
Guitar Noise
50%
Jackhammer Quake
50%
Car Sponge Shield
50%
Pillow Sleep
50%
Luxurious Bed Sleep
50%
Tape Stop
50%
Thumbtack Stop
50%
Stapler Stop
50%
Pocket Watch Stop
50%
Mini Vacuum Suction
50%
Upright Vacuum Suction
50%
Watering Can Water
50%
Faucet Water
50%
Teapot Water
50%
Bellows Wind
50%
Paper Fan Wind
50%
Fan Wind
50%
Trophy Ball
0%
Drum Crush
0%
Cat-o-Luck Crush
0%
Air Conditioner Ice
0%
Boom Box Miscellaneous
0%
Rubber Ducky Normal
0%
Cell Phone Quake
0%
Powder Puff Shield
0%
Sponge Shield
0%
Soda Shot
0%
Squirt Gun Shot
0%
No matching quizzes found
Score Distribution
Percent of People with Each Score
Percentile by Number Answered
Your Score History
You have not taken this quiz